Music Quiz

Random Music or Lyrics Quiz

Chorus Lyrics 2 Quiz Stats

 Plays Quiz not verified by Sporcle

Support Sporcle.
Go Orange.
Score 0/23 Timer 07:00
0 Plays Today
% Correct
you
75.7%
you
75.7%
to
70.3%
on
67.6%
be
67.6%
my
64.9%
are
56.8%
no
56.8%
when
54.1%
your
51.4%
Carry
27%
son
24.3%
% Correct
done
24.3%
Don't
24.3%
wayward
21.6%
head
21.6%
more
21.6%
There'll
18.9%
peace
18.9%
Lay
18.9%
weary
18.9%
rest
18.9%
cry
18.9%

You're not logged in!

Compare scores with friends on all Sporcle quizzes.
OR
Log In

From the Vault

That Awkward Moment When... (TV)

by MovieGuru

Things are about to get a little awkward...(Warning: Spoilers!)
Remove Ads.
Support Sporcle.
Get the best of Sporcle when you Go Orange. This ad-free experience offers more features, more stats, and more fun while also helping to support Sporcle. Thank you for becoming a member.

Show Comments

Extras

Top Quizzes Today


Score Distribution

Your Account Isn't Verified!

In order to create a playlist on Sporcle, you need to verify the email address you used during registration. Go to your Sporcle Settings to finish the process.

Report this User

Report this user for behavior that violates our Community Guidelines.

Details: